000
00348 a2200157 4500
001
74907
020
_a
9788526008915
040
_c
Anchieta - Colégio São Paulo
100
_a
Colasanti, Marina
240
1
0
_a
A moça tecelã
_l
por
245
1
0
_a
A moça tecelã
300
_a
14
362
0
_a
2004
650
4
_a
Literatura infantil
942
_c
BK
999
_c
74907
_d
74907